00879nam a2200205 4500001000700000003000900007005001700016007000300033008004100036100002900077245022300106250001300329260003700342300004000379700004000419700004100459852003200500999001900532952012200551147943ES-MaACL20230906202339.0t|070214s1968 sp r ||||1| spa d1 aSpillard, Peter.910772913aLa venta a presión b: la promoción de ventas como parte de la estrategia del marketing / cPeter Spillard ; traducción de Antonio Casahuga Vinardell ; revisión prólogo y notas de Francisco Izquierdo Navarro. a1ª. ed. aBarcelona : bOikos-Tau, c1968. a326 p., 2 lám. : bil. ; c22 cm.1 aCasahuga Vinardell, Antonio.9360341 aIzquierdo Navarro, Francisco.965739 aES-MaACLjC-37121 bR.68825 c147943d147943 00104070aATENEOMbATENEOMcDEPO2d2008-01-17eSCl0oC-37121p1154396r2023-02-23 00:00:00w2023-02-23yMONOGRAFIA